• 首页
  • 本馆介绍
  • 公告通知
  • 最新文献
  • 馆藏检索
  • 电子资源
  • 读者导购
  • 参考咨询
  • 我的图书馆
  • 登录
  • 详细信息显示
  • 放入我的书架
  • 预约/预借图书
  • 作者相关作品
  • 分类相关作品
  • 丛书相关作品
  • 出版社相关作品

书目信息

  • 表格格式
  • 工作单格式
  • 卡片格式
题名:
土库曼斯坦
    
 
作者: 施玉宇 编著
分册:  
出版信息: 北京   社会科学文献出版社  2005
页数: 18,251页
开本: 21cm
丛书名: 列国志
单 册:
中图分类: K363
科图分类:
主题词: 亚洲--历史
电子资源:
ISBN: 7-80190-390-0
000 01221nam0 2200361 450
000 01184nam0 2200349 450
000 01161nam0 2200349 450
000 01107nam0 2200325 450
000 01114nam0 2200313 450
000 01077nam0 2200301 45
001 TS2006039629
005 20070111165915.15
010    @a7-80190-390-0@dCNY23.00
100    @a20060829d2005 em y0chiy0120 ea
101 0  @achi
102    @aCN@b110000
105    @aab z 000yd
200 1  @a土库曼斯坦@Atu ku man si tan@f施玉宇编著@FShi Yu Yu Bian Zhu
210    @a北京@c社会科学文献出版社@d2005
215    @a18,251页@c彩照,地图@d21cm
225 2  @a列国志
300    @a中国社会科学院重大课题 国家“十五”重点出版项目
330    @a本书介绍了土库曼斯坦地理、历史、政治、经济、对外经济关系、军事、教育、科技、文化、卫生、体育、新闻出版、广播电视、外交等方面的情况。
410  0 @12001 @a列国志
510 1  @aTurkmenistan@zeng
606 0  @a亚洲@x历史
607    @a土库曼斯坦@x概况
690    @aK363@v4
701  0 @a施玉宇@Ashi yu yu@c(女)@4编著
801  0 @aCN@b中图数据@c20070111
905    @a10447@dK363@e9
    
    土库曼斯坦/施玉宇编著.-北京:社会科学文献出版社,2005
    18,251页:彩照,地图;21cm.-(列国志)
    中国社会科学院重大课题 国家“十五”重点出版项目
    
    ISBN 7-80190-390-0:CNY23.00
    本书介绍了土库曼斯坦地理、历史、政治、经济、对外经济关系、军事、教育、科技、文化、卫生、体育、新闻出版、广播电视、外交等方面的情况。
●
相关链接 在E读中查询图书 在五车中查询图书 在当当中查询图书 在豆瓣中查询图书


正题名:土库曼斯坦     索取号:K363/9         预约/预借

序号 登录号 条形码 馆藏地/架位号 状态 备注
1 0617472   206174726   第二样本阅览室/ [索取号:K363/9] 在馆    
2 0617473   206174735   第二借阅区/ [索取号:K363/9] 在馆    
3 0617474   206174744   第二借阅区/ [索取号:K363/9] 在馆    
4 0617475   206174753   第二借阅区/ [索取号:K363/9] 在馆    
唐山师范学院图书馆 欢迎您!
大连网信软件有限公司© 版权所有